[Event "IRI-ch U10"]
[Site "Chess.com INT"]
[Date "2021.01.16"]
[Round "3"]
[White "Zamani, Radvin"]
[Black "Ahmadi, Barad"]
[Result "0-1"]
[WhiteElo "1040"]
[BlackElo "1375"]
[PlyCount "92"]
[EventDate "2021.01.16"]
[EventType "swiss"]
[EventRounds "11"]
[EventCountry "IRI"]
[SourceTitle "EXT 2022"]
[Source "ChessBase"]
[SourceDate "2021.10.06"]
[SourceVersion "1"]
[SourceVersionDate "2021.10.06"]
[SourceQuality "1"]

1. e4 c6 2. d4 d5 3. exd5 cxd5 4. c3 Nf6 5. Bd3 Bg4 6. Be2 Bxe2 7. Nxe2 e6 8. Bg5 Be7 9. Nd2 Nc6 10. Nf3 a6 11. Qb3 b5 12. Qc2 Rc8 13. Ng3 h6 14. Bxf6 Bxf6 15. Qd2 Na5 16. b3 Qb6 17. Rc1 Rc6 18. Qe3 Qc7 19. Ne2 Nb7 20. Nf4 Nd6 21. Nxd5 Qd8 22. Nb4 Rc8 23. d5 Nf5 24. Qd3 0-0 25. 0-0 a5 26. Nc6 Rxc6 27. Qxb5 Qxd5 28. Qxd5 exd5 29. c4 Rfc8 30. Nd2 Nd6 31. Rc2 dxc4 32. Rfc1 c3 33. Nf3 Nf5 34. Rd1 Rd6 35. Rxd6 Nxd6 36. Kf1 Nb5 37. Ke2 Na3 38. Rc1 c2 39. Kd2 Bb2 40. Rxc2 Rxc2+ 41. Kd1 Rxf2 42. Ne1 Bc3 43. Nd3 Rd2+ 44. Kc1 Rxd3 45. g4 Re3 46. Kd1 Re1# 0-1